RAUCH HUNGÁRIA KFT TEVÉKENYSÉGÉNEK ÉS PIACI KÖRNYEZETÉNEK ELEMZÉSE

Bibliográfiai részletek
Szerző: Újmári-Tóth Gréta
További közreműködők: Kozár Dr. László
Dokumentumtípus: Záródolgozat
Kulcsszavak:Konkurencia
Üdítőital
Fogyasztói magatartás
Versenytárs analízis
SWOT elemzés
Online Access:http://dolgozattar.uni-bge.hu/12167

MARC

LEADER 00000nta a2200000 i 4500
001 dolg12167
005 20170623103740.0
008 170518suuuu hu o 000 hun d
040 |a BGE Dolgozattár Repozitórium  |b hun 
041 |a hu 
100 1 |a Újmári-Tóth Gréta 
245 1 0 |a RAUCH HUNGÁRIA KFT TEVÉKENYSÉGÉNEK ÉS PIACI KÖRNYEZETÉNEK ELEMZÉSE  |c Újmári-Tóth Gréta  |h [elektronikus dokumentum] 
516 |a Final_paper 
695 |a Konkurencia 
695 |a Üdítőital 
695 |a Fogyasztói magatartás  
695 |a Versenytárs analízis 
695 |a SWOT elemzés 
700 1 |a Kozár Dr. László  |e ths 
856 4 0 |u http://dolgozattar.uni-bge.hu/12167/1/PROJEKTMUNKA%20%C3%9Ajm%C3%A1ri-T%C3%B3th%20Gr%C3%A9ta%202017.pdf  |z Dokumentum-elérés